<?xml version="1.0" encoding="UTF-8"?><?xml-stylesheet type="text/xsl" href="static/style.xsl"?><OAI-PMH xmlns="http://www.openarchives.org/OAI/2.0/" xmlns:xsi="http://www.w3.org/2001/XMLSchema-instance" xsi:schemaLocation="http://www.openarchives.org/OAI/2.0/ http://www.openarchives.org/OAI/2.0/OAI-PMH.xsd"><responseDate>2026-04-17T05:14:28Z</responseDate><request verb="GetRecord" identifier="oai:www.recercat.cat:10459.1/71667" metadataPrefix="marc">https://recercat.cat/oai/request</request><GetRecord><record><header><identifier>oai:recercat.cat:10459.1/71667</identifier><datestamp>2024-12-05T11:47:49Z</datestamp><setSpec>com_2072_3622</setSpec><setSpec>col_2072_479130</setSpec></header><metadata><record xmlns="http://www.loc.gov/MARC21/slim" xmlns:dcterms="http://purl.org/dc/terms/" xmlns:xsi="http://www.w3.org/2001/XMLSchema-instance" xmlns:doc="http://www.lyncode.com/xoai" xsi:schemaLocation="http://www.loc.gov/MARC21/slim http://www.loc.gov/standards/marcxml/schema/MARC21slim.xsd">
   <leader>00925njm 22002777a 4500</leader>
   <datafield ind2=" " ind1=" " tag="042">
      <subfield code="a">dc</subfield>
   </datafield>
   <datafield ind2=" " ind1=" " tag="720">
      <subfield code="a">López-Gámez, Gloria</subfield>
      <subfield code="e">author</subfield>
   </datafield>
   <datafield ind2=" " ind1=" " tag="720">
      <subfield code="a">Elez Martínez, Pedro</subfield>
      <subfield code="e">author</subfield>
   </datafield>
   <datafield ind2=" " ind1=" " tag="720">
      <subfield code="a">Quiles-Chuliá, Amparo</subfield>
      <subfield code="e">author</subfield>
   </datafield>
   <datafield ind2=" " ind1=" " tag="720">
      <subfield code="a">Martín Belloso, Olga</subfield>
      <subfield code="e">author</subfield>
   </datafield>
   <datafield ind2=" " ind1=" " tag="720">
      <subfield code="a">Hernando-Hernando, Isabel</subfield>
      <subfield code="e">author</subfield>
   </datafield>
   <datafield ind2=" " ind1=" " tag="720">
      <subfield code="a">Soliva-Fortuny, Robert</subfield>
      <subfield code="e">author</subfield>
   </datafield>
   <datafield ind2=" " ind1=" " tag="260">
      <subfield code="c">2021-07-16T10:12:06Z</subfield>
   </datafield>
   <datafield ind2=" " ind1=" " tag="260">
      <subfield code="c">2022-03-02T23:17:08Z</subfield>
   </datafield>
   <datafield ind2=" " ind1=" " tag="260">
      <subfield code="c">2021-03-02</subfield>
   </datafield>
   <datafield ind2=" " ind1=" " tag="260">
      <subfield code="c">2021-07-16T10:12:06Z</subfield>
   </datafield>
   <datafield ind2=" " ind1=" " tag="520">
      <subfield code="a">Phenolic compounds (PC) and carotenoids from carrots are bound to dietary fibre or stored in vacuoles and chromoplasts, respectively. To exert their antioxidant effects these compounds must be released during digestion, which is hindered by such barriers. Pulsed electric fields (PEF) modify cell membrane permeability, thus enhancing their bioaccessibility. The effect of PEF on the carrot carotenoid and PC content and bioaccessibility was investigated. With this purpose, PEF-treated carrots (5 pulses of 3.5 kV cm−1) were stored for 24 h at 4 °C and microstructure was evaluated before subjecting them to in vitro digestion. PEF did not affect carotenoid content, whereas their bioaccessibility improved (11.9%). Likewise, PEF increased the content of some PC, e.g. coumaric acid (163.2%), probably caused by their better extractability. Conversely, caffeic acid derivatives decreased, which may be associated to greater contact with oxidative enzymes. Total PC bioaccessibility (20.8%) and some derivatives increased, e.g. caffeoylshikimic (68.9%), whereas some decreased (e.g. ferulic acid). Structural changes caused by PEF may improve bioaccessibility of carotenoids and PC by favouring their release and easy access to digestive enzymes. However, other antioxidants may be further degraded or entrapped during digestion. Therefore, PEF is an effective technology for obtaining carrots with enhanced carotenoids and phenolic bioaccessibility.</subfield>
   </datafield>
   <datafield ind2=" " ind1=" " tag="520">
      <subfield code="a">This  research  has  been  financed  by  the  Ministerio  deEconomía y Competitividad (Spain) reference AGL2013-44851-R. López-Gámez, G. thanks the Agència de Gestió d’AjutsUniversitaris i de Recerca (AGAUR) for the predoctoral grant.Authors thanks Alba Macià for her technical support in pheno-lic compounds determination.</subfield>
   </datafield>
   <datafield ind1="8" ind2=" " tag="024">
      <subfield code="a">http://hdl.handle.net/10459.1/71667</subfield>
   </datafield>
   <datafield tag="653" ind2=" " ind1=" ">
      <subfield code="a">Pulsed electric fields</subfield>
   </datafield>
   <datafield tag="653" ind2=" " ind1=" ">
      <subfield code="a">Bioaccessibility</subfield>
   </datafield>
   <datafield tag="653" ind2=" " ind1=" ">
      <subfield code="a">Tecnologia d'Aliments</subfield>
   </datafield>
   <datafield tag="653" ind2=" " ind1=" ">
      <subfield code="a">Carrot</subfield>
   </datafield>
   <datafield ind2="0" ind1="0" tag="245">
      <subfield code="a">Effect of pulsed electric fields on carotenoid and phenolic bioaccessibility and their relationship with carrot structure</subfield>
   </datafield>
</record></metadata></record></GetRecord></OAI-PMH>